000 00366 a2200109 4500
020 _a0387983279
082 _a515.353 TVE
100 _aTveito, Aslak
245 _aIntroduction to Partial Differential Equations: A Computational Approach
_cAslak Tveito, Ragnar Winther
260 _aNew York :
_bSpringer
_c1961
300 _axv, 392p. :
_bill ., ;
_c30 cm
650 _aDifferential Equations, Partial
999 _c511
_d511